Koronawirus - woj. Śląskie - Statystyki

Ogólne statystyki
  • Ten quiz został rozwiązany 82 razy
  • Średni wynik to 4 z 8
Statystyki odpowiedzi
Zarazeni Martwi Wyleczeni Odpowiedź % Poprawnych
2 0 0 Chorzów
62%
1 0 0 Sosnowiec
60%
1 0 0 Bytom
57%
2 0 0 Częstochowa
57%
4 0 0 Tychy
52%
5 0 0 Racibórz
51%
6 0 0 Cieszyn
29%
5 0 0 Zawiercie
29%
Nie znaleziono quizów pasujących do podanych kryteriów
Rozkład punktacji
Procent ludzi z każdym wynikiem
Percentyl według liczby udzielonych odpowiedzi
Twoja historia wyników
Nie rozwiązałeś tego quizu